000 01831nam0a2200337 4500
001 RU\NLR\bibl\1799038
005 20260405233630.0
035 _a(nilc)RSL-KNO-004712404
035 _a(NLR Aleph) 001789712
090 _a1749587
_c1749587
100 _a20100726d2008 |||y0rusy50 ca
101 0 _arus
102 _aRU
105 _aa zzzz|||||
200 1 _aЧрескатетерное закрытие вторичного дефекта межпредсердной перегородки окклюдером "Amplatzer"
_eучебное пособие
_fХ. Альджаммаз, Н.А. Борисова, К.Ю. Александров, С.Н. Бебия
_g[Санкт-Петербургская мед. акад. последипломного образования]
210 _aСанкт-Петербург
_cСПбМАПО
_d2008 (обл. 2009)
215 _a27, [1] с.
_cил., цв. ил.
_d20
225 1 _aПоследипломное медицинское образование
320 _aБиблиогр.: с. 26-27 (17 назв.)
606 1 _aМежпредсердная перегородка
_jУчебные издания для последипломного образования
_xДефекты
_xЭндоваскулярное закрытие окклюзером "Amplatzer"
_92088428
_3RU\NLR\auth\661567884
610 0 _aдефекты межпредсердной перегородки
610 0 _aокклюдер "Amplatzer"
686 _aР457.365.110.501с,07
_2rubbk
686 _aР457.365.010.50-598.6я77
701 1 _4070
_8rus
_7ca
_aАльджаммаз
_bХ.
_gХальдун
_3RU\NLR\auth\77107325
_990250
801 0 _aRU
_bРГБ
_c20100726
_grcr
801 1 _aRU
_bРГБ
_c20100726
801 2 _aRU
_bNLR
_c20110816
_grcr
942 _cBOOK
980 _aNB